| 000 | 01279cam a2200349 a 4500 | ||
|---|---|---|---|
| 001 | 000006910 | ||
| 003 | DO-SdBNP | ||
| 005 | 20240417103305.0 | ||
| 008 | 940708s1994 ag a b 000 0cspa | ||
| 020 | _a9509829528 (obra completa) | ||
| 020 | _a9509829544 (t. 1) | ||
| 020 | _a9509829536 (t. 2) | ||
| 035 | _a(DLC) 94181313 | ||
| 040 |
_aDO-SdBNP _cDLC |
||
| 049 | _aBNGR | ||
| 082 |
_a922.96982 _bW424e |
||
| 100 | 1 |
_aWeinstein, Ana E. _919150 |
|
| 245 | 1 | 0 |
_aEscritores judeo-argentinos : _bBibliografías: p. 1900-1987 / _cAna E. Weinstein, Miryam E. Gover de Nasatsky. |
| 260 |
_aBuenos Aires : _bMilá, _cc1994. |
||
| 300 |
_a2 v. : _bil. ; _c20 cm. |
||
| 490 | 1 | _aInvestigaciones | |
| 500 | _a"Este trabajo forma parte de la Bibliografía temática sobre judaísmo argentino"--T. 1, p. [5]. | ||
| 650 | 4 |
_aLiteratura argentina _vBiobibliografías _919151 |
|
| 650 | 4 |
_aLiteratura judía _zArgentina _919152 |
|
| 650 | 4 |
_aLiteratura argentina _vBiobibliografías _919153 _ySiglo xx |
|
| 650 | 4 |
_aLiteratura judía _919154 _vBibliografías |
|
| 700 | 1 |
_aGover de Nasatsky, Miryam Esther. _919155 |
|
| 730 | 0 |
_aBibliografía sobre judaísmo argentino. _919156 |
|
| 830 | 0 |
_aInvestigaciones. _919157 |
|
| 910 | _aCatalogación por copia / LC | ||
| 942 |
_2ddc _cLBS1 |
||
| 999 |
_c6695 _d6695 |
||